LaVerdiere,Eugene (Record no. 1508)
[ view plain ]
| 000 -LEADER | |
|---|---|
| fixed length control field | 00462nam a2200145Ia 4500 |
| 008 - FIXED-LENGTH DATA ELEMENTS--GENERAL INFORMATION | |
| fixed length control field | 151015s9999 xx 000 0 und d |
| 020 ## - INTERNATIONAL STANDARD BOOK NUMBER | |
| International Standard Book Number | 814625746 |
| 050 ## - LIBRARY OF CONGRESS CALL NUMBER | |
| Classification number | BS 2585.3 .L38 1999 |
| 245 ## - TITLE STATEMENT | |
| Title | LaVerdiere,Eugene |
| 250 ## - EDITION STATEMENT | |
| Edition statement | _Beggining of the gospel Introducing the gospel according to mark Eugene Laverdiere |
| 300 ## - PHYSICAL DESCRIPTION | |
| Extent | Minnesota the liturgical 1999 |
| 500 ## - GENERAL NOTE | |
| General note | Includes bibliography |
| 650 ## - SUBJECT ADDED ENTRY--TOPICAL TERM | |
| Topical term or geographic name as entry element | _Bible N.T |
| 700 ## - ADDED ENTRY--PERSONAL NAME | |
| Personal name | ^d20110309 12:05:42^okorir |
No items available.